Datos básicos para la Historia Financiera de España : (1850/1975) (1850/1975)
Descripción Física:
2 v. ; 30 cm
MARC
| LEADER | 00000nam a2200000Ia 4500 | ||
|---|---|---|---|
| 001 | 993, 994 | ||
| 008 | 160829s1976 xx 000 0 cat d | ||
| 080 | |a M-1-65, M-1-66 | ||
| 245 | |a Datos básicos para la Historia Financiera de España : |b (1850/1975) | ||
| 260 | |a Madrid : |b Instituto de Estudios Fiscales, |c 1976 | ||
| 300 | |a 2 v. ; |c 30 cm | ||
| 650 | |a Espanya |x Condicions econòmiques |x 1850/1975 |9 20767 | ||
| 866 | |a vbcrlfv. I: Clasificación económico funcional de los gastos e ingresos del Estado. |x 1150 p. |x M-1-65vbcrlfv.II: La Deuda pública. |x XVII, 758 p. |x M-1-66 | ||
| 901 | |a Arxiu | ||
| 942 | |n 1 | ||
| 952 | |0 0 |1 0 |4 0 |6 M165_M166 |7 1 |9 41658 |a Arxiu |b Arxiu |d 2016-12-01 |l 0 |o M-1-65, M-1-66 |p 993, 994 |r 2016-12-01 00:00:00 |w 2016-12-01 |y ARXIU | ||
| 999 | |c 43548 |d 43548 | ||